| 000 | 00579cam a2200181 i 4500 | ||
|---|---|---|---|
| 082 | 0 | 4 |
_a624.183412 _bMAG _cL-19, P-19 |
| 100 | 1 |
_aMagnel, Gustave. _943265 |
|
| 245 | 1 | 0 |
_aPrestressed concrete / _cby Gustave Magnel. |
| 250 | _a3d ed., rev. and enl. | ||
| 260 |
_aLondon : _bConcrete Publications, _c1954. |
||
| 300 |
_avi, 345 p. : _bill. ; 24 cm. |
||
| 526 |
_a0 _b0 _c0 _d624_183412000000000_MAG |
||
| 526 |
_a0 _b0 _c0 _d624_183412000000000_MAG |
||
| 526 |
_a0 _b0 _c0 _d624_183412000000000_MAG |
||
| 650 | 0 |
_aMCE _9379 |
|
| 650 | 0 |
_aPrestressed concrete. _923341 |
|
| 942 |
_2ddc _cBK |
||
| 999 |
_c547078 _d547078 |
||